Biology : (Record no. 9996)

MARC details
000 -LEADER
fixed length control field 01073pam a2200313 a 4500
001 - CONTROL NUMBER
control field 9996
003 - CONTROL NUMBER IDENTIFIER
control field FISKH
005 - DATE AND TIME OF LATEST TRANSACTION
control field 20260325082503.0
008 - FIXED-LENGTH DATA ELEMENTS--GENERAL INFORMATION
fixed length control field 961205s1998 ohuab d b 001 0 eng
010 ## - LIBRARY OF CONGRESS CONTROL NUMBER
LC control number 96040252
020 ## - INTERNATIONAL STANDARD BOOK NUMBER
International Standard Book Number 053865208X
Qualifying information hardcover
020 ## - INTERNATIONAL STANDARD BOOK NUMBER
International Standard Book Number 9780078306945
035 ## - SYSTEM CONTROL NUMBER
System control number 4945863
040 ## - CATALOGING SOURCE
Original cataloging agency DLC
Transcribing agency DLC
Modifying agency DLC
Language of cataloging eng
050 00 - LIBRARY OF CONGRESS CALL NUMBER
Classification number QH308.7
Item number .L46 1998
082 00 - DEWEY DECIMAL CLASSIFICATION NUMBER
Classification number 570
Edition number 21
100 1# - MAIN ENTRY--PERSONAL NAME
Personal name Leonard, William H.,
Dates associated with a name 1941-
245 10 - TITLE STATEMENT
Title Biology :
Remainder of title a community context /
Statement of responsibility, etc. William H. Leonard, John E. Penick.
260 ## - PUBLICATION, DISTRIBUTION, ETC.
Place of publication, distribution, etc. Cincinnati :
Name of publisher, distributor, etc. South-Western Educational Pub.,
Date of publication, distribution, etc. 1998.
300 ## - PHYSICAL DESCRIPTION
Extent 576 pages :
Other physical details color illustrations ; maps ;
Dimensions 26 cm
504 ## - BIBLIOGRAPHY, ETC. NOTE
Bibliography, etc. note Includes bibliographical references and index.
520 ## - SUMMARY, ETC.
Summary, etc. An overview of the field of biology, including such topics as matter and energy, ecosystems, populations, and genetics.
650 #0 - SUBJECT ADDED ENTRY--TOPICAL TERM
Topical term or geographic name entry element Biology
General subdivision Juvenile literature.
650 #1 - SUBJECT ADDED ENTRY--TOPICAL TERM
Topical term or geographic name entry element Biology.
700 1# - ADDED ENTRY--PERSONAL NAME
Personal name Penick, John E.
Relator term illustrator
906 ## - LOCAL DATA ELEMENT F, LDF (RLIN)
a 7
b cbc
c orignew
d 1
e ocip
f 19
g y-gencatlg
942 ## - ADDED ENTRY ELEMENTS (KOHA)
Source of classification or shelving scheme Dewey Decimal Classification
Koha item type Books
Suppress in OPAC No
Holdings
Withdrawn status Lost status Source of classification or shelving scheme Damaged status Not for loan Collection Home library Current library Shelving location Date acquired Total Checkouts Full call number Barcode Date last seen Copy number Price effective from Koha item type
    Dewey Decimal Classification     Non-Fiction Footprints International School Library Network Toul Kork Campus Footprints International School Library Network Toul Kork Campus A TK Campus, 4th Floor, Room B401, Non-Fiction Bookcases(7-8) 03/25/2026   LEO 570 QH308.2 .L466 2026-0371 03/25/2026 1 03/25/2026 Books